|
|
|
|
| LEADER |
00924nam a22002057a 4500 |
| 082 |
|
|
|a 900
|b SAN/L L8
|
| 100 |
|
|
|a സനല് ഇടമറുക്
|9 236807
|
| 100 |
|
|
|a Sanal Edamaruku
|9 236808
|
| 240 |
|
|
|a Lokarashtrangal- Book 18; Indo-China, Burmayum
|
| 245 |
|
|
|a ലോകരാഷ്ട്രങ്ങള് ബുക്ക് 18; ഇന്ഡോ ചൈന, ബര്മ്മയും
|
| 250 |
|
|
|a 1st
|
| 260 |
|
|
|a Kottayam;
|b D C Books;
|c 1978
|
| 300 |
|
|
|a 132p.
|
| 650 |
|
|
|a മലയാളം; ചരിത്രം
|9 236809
|
| 650 |
|
|
|a Malayalam; History
|9 236810
|
| 700 |
|
|
|a എന് വി കൃഷ്ണവാരിയര് (എഡി.)
|9 236811
|
| 700 |
|
|
|a N V Krishna Warrier (Edi.)
|9 236812
|
| 942 |
|
|
|c BK
|
| 999 |
|
|
|c 56060
|d 56060
|
| 952 |
|
|
|0 0
|1 0
|4 0
|6 900_000000000000000_SAN_L_L8
|7 0
|8 WH
|9 67018
|a MAL
|b MAL
|d 2016-07-14
|e 24622
|g 5.00
|l 0
|o 900 SAN/L L8
|p MAL024622
|r 2016-07-14
|t 1
|w 2016-07-14
|y BK
|